000 01653nam a2200313 i 4500
001 000010968
003 DO-SdBNP
005 20251002110338.0
007 ta
008 091013s2009 dr r 001 0 spa d
020 _a9789945163056
040 _aDO-SdBNP
_bspa
_cBNPHU
_erda
041 _aspa
082 4 _aRD864.44
_bJ86l
_222
100 1 _aJovine Bermúdez, Federico,
_d1944-2017
_eautor
_4aut.
_925425
245 1 0 _aAl lomo de Rocinante /
_cFederico Jovine Bermúdez.
264 1 _aSanto Domingo :
_bEditora Búho,
_c2009.
300 _a301 páginas ;
_c21 cm.
336 _atexto
_btxt
_2rdacontent
337 _asin mediación
_bn
_2rdamedia
338 _avolumen
_bnc
_2rdacarrier
500 _aIncluye datos biográficos del autor en las solapas
500 _aIncluye referencias bibliográficas y notas al pie de las páginas
505 1 _aEl por qué de nuestro olvido /
_rDorothy Dandrigde /
_rDorothy Dandrigde 2 /
_rDorothy Dandrigde --
_tTrujillo, crónica de una caída anunciada --
_tEl por qué de nuestro olvido --
_t ¿ Los santos? !Mejor no meneallos! --
_t!Kapput dominicaine! --
_tSiempre somos los mismos --
_tCiencia y religión --
_tReligión Vs. religión --
_tPolítica y religión --
_tReligión Vs Sociedad --
_tLa guerra de los dioses --
_t Buenos días general /
_rJuana Ogando --
_tQué tan grande somos? --
_tGood by Mr. Jovine --
_t ¿Cuántos somos? --
_tDe Fu-Lin-Chang a Jack Veneno --
_tEl pichón volador --
_tFábula del tiburón y la sardina --
_t El papel del intelectual.
590 _aInventariado, 2025/BT
650 4 _aEnsayos dominicanos
_965
650 4 _aLiteratura dominicana.
_967
942 _2ddc
_cLBS1
999 _c10706
_d10706